00481nam a2200121Ia 4500008004100000020001800041100002600059245006300085260003600148300001400184999001900198952014200217171211s9999 xx 000 0 und d a9781284032314 aDelost, Maria Dannesa aIntroduction to Diagnostic Microbiology for the Laboratory bJones & Bartlett Learningc2015 a559 pages c350844d350844 001040aSSLCbSSLCcSSLCd2017-12-11eLibrary Fundl1m1oRB 38.25 .D384 2015pSSLC1488r2018-07-26 00:00:00s2018-06-01w2017-12-11yBK